[Event "DVM U20 2015"]
[Site "Osnabrück GER"]
[Date "2015.12.27"]
[Round "2"]
[White "Schwiddessen, Jan"]
[Black "Mieck, Jale"]
[Result "1-0"]
[Termination "normal"]
[Board "4.5"]
[WhiteElo "1859"]
[BlackElo "1935"]
[WhiteTeam "SF Brackel 1930"]
[BlackTeam "SK Doppelbauer Kiel"]
[PlyCount "127"]
[WhiteFideId "1270631"]
[BlackFideId "12936871"]
[EventCountry "GER"]
[EventRounds "7"]
[EventType "team-swiss"]
[EventDate "2015.12.26"]

1. e4 g6 2. c4 Bg7 3. d4 d6 4. Nc3 Nf6 5. Nf3 O-O 6. Be2 c6 7. O-O Qc7 8. h3 e5
9. Be3 a5 10. Rc1 Na6 11. Qd2 exd4 12. Nxd4 Nc5 13. f3 Nh5 14. Rfd1 Rd8 15. f4
Nf6 16. Bf3 Re8 17. Qc2 Qe7 18. Re1 Bd7 19. Bf2 Be6 20. b3 Rad8 21. Rcd1 Na6
22. Bh4 Nb4 23. Qc1 Qc7 24. e5 dxe5 25. fxe5 Nd7 26. Bxd8 Qxd8 27. Nxe6 fxe6
28. a3 Na6 29. Kh1 Qc7 30. Qd2 Nxe5 31. Rf1 Nc5 32. Qc2 Ncd7 33. Ne4 Nb6 34.
Qd2 a4 35. c5 Nd5 36. Nd6 Ra8 37. Bxd5 exd5 38. b4 Bf8 39. Rf6 Be7 40. Re6 Nf7
41. Nxf7 Kxf7 42. Rde1 Bf8 43. Qg5 Qd8 44. Qf4+ Kg8 45. Qe5 Qh4 46. Rf1 Qc4 47.
Qf6 d4 48. Qf7+ Kh8 49. Rf4 Bh6 50. Qf6+ Bg7 51. Qf7 Bh6 52. Re8+ Rxe8 53.
Qxe8+ Qg8 54. Qxg8+ Kxg8 55. Rxd4 Bc1 56. Rd3 Kf8 57. Kg1 Ke7 58. Kf2 Bb2 59.
Ke3 Bc1+ 60. Ke2 Bb2 61. Ke3 Bc1+ 62. Kd4 Bb2+ 63. Kc4 Ke6 64. b5 1-0

[Event "DVM U20 2015"]
[Site "Osnabrück GER"]
[Date "2015.12.27"]
[Round "2"]
[White "Nahnsen, Kenneth"]
[Black "Tekin, Baran"]
[Result "1-0"]
[Termination "normal"]
[Board "4.6"]
[WhiteElo "1959"]
[BlackElo "1796"]
[WhiteTeam "SK Doppelbauer Kiel"]
[BlackTeam "SF Brackel 1930"]
[PlyCount "79"]
[WhiteFideId "12957119"]
[BlackFideId "12945633"]
[EventCountry "GER"]
[EventRounds "7"]
[EventType "team-swiss"]
[EventDate "2015.12.26"]

1. d4 d6 2. c4 Nf6 3. Nc3 g6 4. e4 Bg7 5. Nf3 O-O 6. Be2 e5 7. O-O Nc6 8. d5
Ne7 9. Be3 h6 10. Ne1 Nd7 11. Rc1 f5 12. f3 a5 13. a3 f4 14. Bf2 g5 15. b4 Nf6
16. c5 axb4 17. axb4 h5 18. cxd6 cxd6 19. Nb5 Ne8 20. Na7 Bd7 21. b5 Ng6 22. b6
g4 23. fxg4 hxg4 24. Bxg4 Nf6 25. Bxd7 Qxd7 26. Rc7 Qd8 27. Qc2 Rf7 28. Nf3 Ng4
29. Rc1 Ne3 30. Bxe3 fxe3 31. Rxf7 Kxf7 32. Qc7+ Kg8 33. Qxd8+ Rxd8 34. g3 Rf8
35. Kg2 Ne7 36. Rc2 Bh6 37. Ne1 Kf7 38. Nd3 Kf6 39. Nc1 Kg6 40. Nb3 1-0

[Event "DVM U20 2015"]
[Site "Osnabrück GER"]
[Date "2015.12.27"]
[Round "2"]
[White "Peng, Xiang-Tobias"]
[Black "Rieß, Alexander"]
[Result "1-0"]
[Termination "normal"]
[Board "5.1"]
[WhiteElo "2039"]
[BlackElo "2256"]
[WhiteTeam "Heilbronner SV"]
[BlackTeam "Lübecker SV von 1873"]
[PlyCount "107"]
[WhiteFideId "12964328"]
[BlackFideId "12953326"]
[EventCountry "GER"]
[EventRounds "7"]
[EventType "team-swiss"]
[EventDate "2015.12.26"]

1. e4 e6 2. d4 d5 3. exd5 exd5 4. Bd3 Nc6 5. Nf3 Bg4 6. Be3 Bd6 7. Nbd2 Nge7 8.
h3 Bh5 9. a3 Qd7 10. c3 O-O-O 11. Qc2 Bg6 12. b4 Nf5 13. O-O f6 14. Nb3 Nxe3
15. fxe3 Rde8 16. Rfe1 Bxd3 17. Qxd3 f5 18. Nc5 Bxc5 19. bxc5 Rhg8 20. Rab1 g5
21. Qb5 Nd8 22. Qa5 Nc6 23. Qb5 Nd8 24. Qb3 c6 25. Ne5 Qe6 26. c4 Re7 27. cxd5
Qxd5 28. Qxd5 cxd5 29. Rf1 Rf8 30. Rf3 Nc6 31. Nxc6 bxc6 32. Rbf1 Ref7 33. g4
f4 34. Kg2 Kd7 35. exf4 gxf4 36. h4 h6 37. Kh3 a5 38. Rb1 Re8 39. Rb7+ Ke6 40.
Rxf7 Kxf7 41. Rxf4+ Kg6 42. h5+ Kg7 43. Kh4 Re1 44. Rf3 Re4 45. Rb3 Rxd4 46.
Rb7+ Kg8 47. Rc7 Ra4 48. Rxc6 Kh7 49. Rd6 Kg7 50. Rxd5 Rxa3 51. Rd7+ Kf6 52.
Rh7 Rc3 53. Rxh6+ Kf7 54. Rc6 1-0

[Event "DVM U20 2015"]
[Site "Osnabrück GER"]
[Date "2015.12.27"]
[Round "2"]
[White "Kololli, Martin"]
[Black "Wenninger, Patrick"]
[Result "1-0"]
[Termination "normal"]
[Board "5.2"]
[WhiteElo "2128"]
[BlackElo "1768"]
[WhiteTeam "Lübecker SV von 1873"]
[BlackTeam "Heilbronner SV"]
[PlyCount "57"]
[WhiteFideId "12936910"]
[BlackFideId "12927880"]
[EventCountry "GER"]
[EventRounds "7"]
[EventType "team-swiss"]
[EventDate "2015.12.26"]

1. e4 c6 2. c4 d5 3. exd5 cxd5 4. cxd5 Nf6 5. Nc3 Nxd5 6. Nf3 Nc6 7. Bb5 e6 8.
O-O Be7 9. d4 O-O 10. Re1 Bf6 11. Be3 Nce7 12. Bd3 Bd7 13. Ne4 Bc6 14. Qd2 Rc8
15. b4 Ba4 16. Nc5 Bc6 17. b5 b6 18. Nxe6 fxe6 19. bxc6 Rxc6 20. Bf4 Nxf4 21.
Qxf4 Qd6 22. Qe4 Ng6 23. Bc2 Rd8 24. Bb3 Nf8 25. Rad1 Kh8 26. d5 exd5 27. Rxd5
Qc7 28. Rxd8 Bxd8 29. Qe5 1-0

[Event "DVM U20 2015"]
[Site "Osnabrück GER"]
[Date "2015.12.27"]
[Round "2"]
[White "Degenhard, Simon"]
[Black "Kololli, Kevin"]
[Result "1/2-1/2"]
[Termination "normal"]
[Board "5.3"]
[WhiteElo "1929"]
[BlackElo "2231"]
[WhiteTeam "Heilbronner SV"]
[BlackTeam "Lübecker SV von 1873"]
[PlyCount "81"]
[WhiteFideId "12944017"]
[BlackFideId "12936863"]
[EventCountry "GER"]
[EventRounds "7"]
[EventType "team-swiss"]
[EventDate "2015.12.26"]

1. e4 c5 2. Nf3 d6 3. d4 cxd4 4. Nxd4 Nf6 5. Nc3 g6 6. Be3 Bg7 7. f3 O-O 8. Bc4
Nc6 9. Qd2 Nxd4 10. Bxd4 Be6 11. Bxe6 fxe6 12. O-O-O Qa5 13. Kb1 Rac8 14. Rhe1
Nd7 15. Bxg7 Kxg7 16. h4 h6 17. Ne2 Qxd2 18. Rxd2 e5 19. Red1 Rc4 20. Nc3 Kf7
21. Nd5 Ke6 22. b3 Rcc8 23. Kb2 b5 24. Ra1 Nc5 25. a4 bxa4 26. b4 Rb8 27. Kc3
Nd7 28. Rxa4 Rb7 29. Kd3 Nb8 30. c3 Nc6 31. Rda2 Kd7 32. Ra1 Kc8 33. Ra6 Kd7
34. h5 g5 35. Ne3 Rf7 36. Ng4 Rh7 37. Kc4 Rc7 38. Kb3 Rb7 39. Kc4 Rc7 40. Kd3
Rb7 41. Kc4 1/2-1/2

[Event "DVM U20 2015"]
[Site "Osnabrück GER"]
[Date "2015.12.27"]
[Round "2"]
[White "Tiedemann, Fin Niklas"]
[Black "Mikeler, Marcel"]
[Result "0-1"]
[Termination "normal"]
[Board "5.4"]
[WhiteElo "1799"]
[BlackElo "1737"]
[WhiteTeam "Lübecker SV von 1873"]
[BlackTeam "Heilbronner SV"]
[PlyCount "138"]
[WhiteFideId "12936936"]
[BlackFideId "12927856"]
[EventCountry "GER"]
[EventRounds "7"]
[EventType "team-swiss"]
[EventDate "2015.12.26"]

1. e4 c5 2. Nc3 d6 3. g3 Nc6 4. Bg2 g6 5. d3 Bg7 6. f4 Bd7 7. Nf3 Rb8 8. O-O
Qc8 9. Ne2 Nf6 10. Nh4 O-O 11. f5 Nd4 12. c3 Nxe2+ 13. Qxe2 b5 14. g4 Bc6 15.
h3 Nd7 16. g5 b4 17. Bd2 a5 18. Nf3 Qb7 19. Nh2 gxf5 20. Rxf5 Ne5 21. h4 e6 22.
Rff1 Rbd8 23. h5 f5 24. gxf6 Rxf6 25. Bg5 Rxf1+ 26. Rxf1 Rf8 27. Rxf8+ Bxf8 28.
Bf6 Qf7 29. Bxe5 dxe5 30. Qg4+ Kh8 31. Nf3 Qf6 32. Bh3 Bd7 33. Ng5 Bh6 34. Nxe6
Be3+ 35. Kh1 Bxe6 36. Qxe6 Qf3+ 37. Kh2 Bf4+ 38. Kg1 Qg3+ 39. Bg2 Qe1+ 40. Bf1
Qe3+ 41. Kh1 Qf3+ 42. Kg1 Be3+ 43. Kh2 Qxf1 44. Qxe5+ Kg8 45. Qg3+ Kf7 46. Qxe3
bxc3 47. bxc3 Qa1 48. Qf2+ Ke8 49. Qxc5 Qxa2+ 50. Kg3 a4 51. Qe5+ Kd7 52. Qf5+
Kc6 53. Qf6+ Kb7 54. Qg7+ Ka6 55. Qxh7 a3 56. Qg6+ Ka7 57. Qg7+ Ka6 58. Qf6+
Ka7 59. Qe7+ Ka6 60. h6 Qg8+ 61. Qg7 Qb8+ 62. Kf3 a2 63. Qf6+ Ka5 64. h7 a1=Q
65. h8=Q Qd1+ 66. Ke3 Qg3+ 67. Kd4 Qdxd3+ 68. Kc5 Qc7+ 69. Qc6 Qb5+ 0-1

[Event "DVM U20 2015"]
[Site "Osnabrück GER"]
[Date "2015.12.27"]
[Round "2"]
[White "Wasielewski, Kim-Luca"]
[Black "Dörp, Max Marian"]
[Result "1-0"]
[Termination "normal"]
[Board "5.5"]
[WhiteElo "1705"]
[BlackElo "1719"]
[WhiteTeam "Heilbronner SV"]
[BlackTeam "Lübecker SV von 1873"]
[PlyCount "77"]
[WhiteFideId "12979503"]
[BlackFideId "12983551"]
[EventCountry "GER"]
[EventRounds "7"]
[EventType "team-swiss"]
[EventDate "2015.12.26"]

1. e4 e5 2. Nf3 Nc6 3. Bc4 Nf6 4. Ng5 d5 5. exd5 Na5 6. Bb5+ c6 7. dxc6 bxc6 8.
Qf3 Rb8 9. Bd3 Be7 10. O-O h6 11. Ne4 Nxe4 12. Bxe4 Qc7 13. Qg3 g5 14. b3 Bd6
15. Qd3 Nb7 16. Qf3 Be6 17. Qf6 Kd7 18. Bf5 Bxf5 19. Qxf7+ Kd8 20. Qxf5 Ke7 21.
Bb2 Rbf8 22. Qe4 Nc5 23. Qe2 Kd8 24. Na3 Rf5 25. Nc4 Rhf8 26. Rae1 Nd7 27. Qd3
R5f6 28. Nxe5 Nxe5 29. Bxe5 Re6 30. Bxd6 Rxd6 31. Qe3 Qd7 32. d3 Rff6 33. Qc5
Rd5 34. Qc3 Rdf5 35. Re4 Qf7 36. Qd4+ Kc8 37. Rfe1 Rxf2 38. Re8+ Qxe8 39. Rxe8+
1-0

[Event "DVM U20 2015"]
[Site "Osnabrück GER"]
[Date "2015.12.27"]
[Round "2"]
[White "Friedrich, Wiede"]
[Black "Perestjuk, Marko"]
[Result "1-0"]
[Termination "normal"]
[Board "6.1"]
[WhiteElo "2222"]
[BlackElo "2064"]
[WhiteTeam "USV Potsdam"]
[BlackTeam "SC Zitadelle Spandau 1977"]
[PlyCount "127"]
[WhiteFideId "24629537"]
[BlackFideId "1270254"]
[EventCountry "GER"]
[EventRounds "7"]
[EventType "team-swiss"]
[EventDate "2015.12.26"]

1. e4 c5 2. Nf3 d6 3. d4 cxd4 4. Nxd4 Nf6 5. Nc3 a6 6. Be3 e5 7. Nb3 Be6 8. f3
Be7 9. Qd2 O-O 10. O-O-O Nbd7 11. g4 b5 12. Nd5 Bxd5 13. exd5 Nb6 14. Bxb6 Qxb6
15. h4 a5 16. Qd3 b4 17. Nd2 Rfc8 18. Ne4 a4 19. Kb1 b3 20. cxb3 axb3 21. Qxb3
Qa5 22. Bb5 Nxe4 23. fxe4 Bd8 24. g5 Bb6 25. Bc6 Rab8 26. Qb5 Qa7 27. Qa4 Ba5
28. Rh3 Rb4 29. Qc2 Rcb8 30. b3 Bb6 31. Rf3 Bd4 32. Rdf1 Qa3 33. h5 Rc4 34. Qe2
Rcb4 35. Qc2 Rc4 36. Qd2 Rcb4 37. Re1 Qa5 38. Re2 Qc5 39. Qc2 Rc4 40. Qd1 Rc3
41. Rc2 Rxc2 42. Qxc2 Qa5 43. Rf1 Qa6 44. Rd1 Qa3 45. Bb5 h6 46. g6 f6 47. Rd2
Qa8 48. Bc4 Kf8 49. Qd1 Qa5 50. Rc2 Qb4 51. Qd2 Qa3 52. Qc1 Qa5 53. a3 Ra8 54.
Ka2 Bc5 55. a4 Qb4 56. Qd2 Qb6 57. Bf1 Ra7 58. Qd3 Qb4 59. Qb5 Qxe4 60. Rxc5
dxc5 61. Qb8+ Ke7 62. Qxa7+ Kd6 63. Qb6+ Ke7 64. Qc7+ 1-0

[Event "DVM U20 2015"]
[Site "Osnabrück GER"]
[Date "2015.12.27"]
[Round "2"]
[White "Kuhn, Patrick"]
[Black "Eichstaedt, Mirko"]
[Result "1/2-1/2"]
[Termination "normal"]
[Board "6.2"]
[WhiteElo "1991"]
[BlackElo "2197"]
[WhiteTeam "SC Zitadelle Spandau 1977"]
[BlackTeam "USV Potsdam"]
[PlyCount "87"]
[WhiteFideId "12910260"]
[BlackFideId "24692310"]
[EventCountry "GER"]
[EventRounds "7"]
[EventType "team-swiss"]
[EventDate "2015.12.26"]

1. c4 Nf6 2. g3 c6 3. Bg2 d5 4. Nf3 Bg4 5. Ne5 Bh5 6. cxd5 Nxd5 7. Nc3 e6 8.
Qb3 Nb6 9. O-O Na6 10. Nxc6 bxc6 11. Bxc6+ Nd7 12. Bxa8 Qxa8 13. Qb5 Nac5 14.
d4 a6 15. Qa5 Bg4 16. dxc5 Bh3 17. e4 Bxf1 18. Kxf1 Bxc5 19. Be3 Bxe3 20. fxe3
O-O 21. Rd1 Nf6 22. Rd4 Ng4 23. Ke2 f5 24. Qb6 Qe8 25. Qxa6 Nxh2 26. exf5 exf5
27. Qc4+ Kh8 28. Qc5 Ng4 29. Rd7 Nf6 30. Rd4 Ng4 31. Rd7 Nf6 32. Rd6 Qh5+ 33.
Kd3 Ne4 34. Nxe4 fxe4+ 35. Kc4 Qe2+ 36. Kb3 Rb8+ 37. Rb6 Qd1+ 38. Kb4 Ra8 39.
b3 Qd2+ 40. Qc3 Qxa2 41. Qc5 Qa3+ 42. Kc4 Qc1+ 43. Kd4 Qd1+ 44. Kc4 1/2-1/2

[Event "DVM U20 2015"]
[Site "Osnabrück GER"]
[Date "2015.12.27"]
[Round "2"]
[White "Cech, Tim"]
[Black "Kostre, Margarita"]
[Result "1-0"]
[Termination "normal"]
[Board "6.3"]
[WhiteElo "1879"]
[BlackElo "1726"]
[WhiteTeam "USV Potsdam"]
[BlackTeam "SC Zitadelle Spandau 1977"]
[PlyCount "115"]
[WhiteFideId "1270258"]
[BlackFideId "4673344"]
[EventCountry "GER"]
[EventRounds "7"]
[EventType "team-swiss"]
[EventDate "2015.12.26"]

1. Nf3 Nf6 2. d4 g6 3. g3 Bg7 4. Bg2 O-O 5. c4 c5 6. e3 cxd4 7. exd4 d5 8. Nbd2
Nc6 9. O-O Bg4 10. Qb3 dxc4 11. Qxb7 Nxd4 12. Nxd4 Qxd4 13. Qxe7 c3 14. bxc3
Qxc3 15. Nb3 Rad8 16. Bg5 Rfe8 17. Qxa7 h6 18. Rac1 Qb4 19. Be3 Be6 20. Nd4 Rd7
21. Qc5 Qxc5 22. Rxc5 Bd5 23. Nb5 Bxg2 24. Kxg2 Ra8 25. Rc2 Rb7 26. Nd6 Rb4 27.
Rfc1 Nd5 28. Rc8+ Rxc8 29. Rxc8+ Kh7 30. Bc5 Rb2 31. a3 f5 32. Rd8 Rc2 33. Bb4
Nxb4 34. axb4 Bd4 35. Ne4 Bb6 36. Rd7+ Kh8 37. Nf6 Rc7 38. Rxc7 Bxc7 39. Nd5
Bd6 40. Kf3 Kg7 41. Ke3 g5 42. h3 f4+ 43. gxf4 gxf4+ 44. Ke4 Kf7 45. b5 Bc5 46.
f3 Ke6 47. Nxf4+ Kd6 48. Nd5 Ba7 49. f4 Kc5 50. b6 Bb8 51. f5 Kd6 52. Kd4 Kd7
53. Kc5 Be5 54. b7 Bg3 55. Kb6 Bf2+ 56. Ka6 Bg3 57. Ka7 Kc6 58. Ne3 1-0

[Event "DVM U20 2015"]
[Site "Osnabrück GER"]
[Date "2015.12.27"]
[Round "2"]
[White "Paul, Fabian"]
[Black "Werthmann, Nils"]
[Result "0-1"]
[Termination "normal"]
[Board "6.4"]
[WhiteElo "1681"]
[BlackElo "1943"]
[WhiteTeam "SC Zitadelle Spandau 1977"]
[BlackTeam "USV Potsdam"]
[PlyCount "84"]
[WhiteFideId "12908231"]
[BlackFideId "1270257"]
[EventCountry "GER"]
[EventRounds "7"]
[EventType "team-swiss"]
[EventDate "2015.12.26"]

1. c4 Nf6 2. g3 e5 3. Bg2 Bc5 4. Nc3 d6 5. Nf3 Nc6 6. O-O Be6 7. d3 h6 8. a3 a5
9. Bd2 Qd7 10. Rc1 Bh3 11. Nd5 Nxd5 12. cxd5 Ne7 13. e4 O-O 14. Nxe5 dxe5 15.
Rxc5 Bxg2 16. Kxg2 c6 17. Qc2 cxd5 18. Bxa5 Rfc8 19. Bb4 b6 20. Rxc8+ Rxc8 21.
Qe2 Nc6 22. Bc3 d4 23. Bd2 Nd8 24. Rc1 Ne6 25. Rxc8+ Qxc8 26. Bb4 Ng5 27. h4
Qh3+ 28. Kg1 Ne6 29. Qf1 Qg4 30. Kh2 g5 31. f3 Qh5 32. Be7 gxh4 33. Bxh4 f5 34.
Qh3 Qxf3 35. Qxf5 Qxf5 36. exf5 Nc5 37. Bf6 Nxd3 38. b4 Nf2 39. Kg2 Ng4 40. Bd8
b5 41. Kf3 d3 42. Bb6 e4+ 0-1

[Event "DVM U20 2015"]
[Site "Osnabrück GER"]
[Date "2015.12.27"]
[Round "2"]
[White "Ender, Paul Marius"]
[Black "Fuchs, Dominik"]
[Result "1-0"]
[Termination "normal"]
[Board "6.5"]
[WhiteElo "1816"]
[BlackElo "1600"]
[WhiteTeam "USV Potsdam"]
[BlackTeam "SC Zitadelle Spandau 1977"]
[PlyCount "75"]
[WhiteFideId "12936545"]
[BlackFideId "1270260"]
[EventCountry "GER"]
[EventRounds "7"]
[EventType "team-swiss"]
[EventDate "2015.12.26"]

1. e4 Nf6 2. Nc3 e5 3. f4 d5 4. exd5 exf4 5. Bc4 Nbd7 6. Nf3 Nb6 7. Bb3 Nbxd5
8. Nxd5 Nxd5 9. O-O Be7 10. d4 O-O 11. c3 Bg4 12. Qd3 Bf6 13. Qb5 Ne3 14. Bxe3
fxe3 15. Qxb7 Qe7 16. Rae1 a5 17. Re2 a4 18. Bd5 Rae8 19. Rfe1 Bxf3 20. Bxf3
Bg5 21. Qb5 a3 22. b4 f5 23. Qd5+ Kh8 24. Qa5 f4 25. Qxa3 Bh4 26. Ra1 Bf2+ 27.
Kf1 Qh4 28. h3 g5 29. Qb2 Rg8 30. Rxf2 Qxf2+ 31. Qxf2 exf2 32. Kxf2 Re3 33. Rc1
Kg7 34. a4 Rb8 35. a5 Re6 36. Re1 Kf6 37. Rxe6+ Kxe6 38. a6 1-0

[Event "DVM U20 2015"]
[Site "Osnabrück GER"]
[Date "2015.12.27"]
[Round "2"]
[White "Raulin, Kian"]
[Black "Nguyen, Anh Van"]
[Result "1/2-1/2"]
[Termination "normal"]
[Board "6.6"]
[WhiteElo "1732"]
[BlackElo "1602"]
[WhiteTeam "SC Zitadelle Spandau 1977"]
[BlackTeam "USV Potsdam"]
[PlyCount "73"]
[WhiteFideId "12912166"]
[BlackFideId "12908223"]
[EventCountry "GER"]
[EventRounds "7"]
[EventType "team-swiss"]
[EventDate "2015.12.26"]

1. c4 Nf6 2. g3 d5 3. cxd5 Qxd5 4. Nf3 e5 5. Nc3 Qa5 6. Qa4+ Qxa4 7. Nxa4 Bd7
8. Nc3 Bc6 9. Bg2 Nbd7 10. O-O Bc5 11. d3 h6 12. a3 a5 13. Nh4 Bxg2 14. Nxg2
O-O 15. Be3 c6 16. Rfd1 Ng4 17. Bxc5 Nxc5 18. a4 f5 19. h3 Nf6 20. f4 exf4 21.
Nxf4 Rfe8 22. Kf2 g5 23. Ng2 Nh5 24. d4 Ne4+ 25. Nxe4 Rxe4 26. Ra3 Rae8 27. e3
f4 28. g4 fxe3+ 29. Rxe3 Rxe3 30. Nxe3 Nf4 31. Kf3 Kf7 32. Nf5 Re6 33. h4 Kg6
34. h5+ Kh7 35. Ne3 Rf6 36. Nf5 Re6 37. Ne3 1/2-1/2

[Event "DVM U20 2015"]
[Site "Osnabrück GER"]
[Date "2015.12.27"]
[Round "2"]
[White "Noe, Christopher"]
[Black "Keller, Peter"]
[Result "1/2-1/2"]
[Termination "normal"]
[Board "7.1"]
[WhiteTitle "FM"]
[BlackTitle "FM"]
[WhiteElo "2414"]
[BlackElo "2292"]
[WhiteTeam "SC Eppingen"]
[BlackTeam "Frankfurter TV 1860"]
[PlyCount "47"]
[WhiteFideId "24692018"]
[BlackFideId "1272105"]
[EventCountry "GER"]
[EventRounds "7"]
[EventType "team-swiss"]
[EventDate "2015.12.26"]

1. c4 c6 2. d4 d5 3. Nc3 dxc4 4. e4 b5 5. a4 b4 6. Na2 Nf6 7. e5 Nd5 8. Bxc4 e6
9. Nf3 Be7 10. O-O a5 11. Bd2 Ba6 12. Qe2 O-O 13. Nc1 c5 14. Nb3 Bxc4 15. Qxc4
Nd7 16. dxc5 Qc7 17. Qe4 Nxc5 18. Nxc5 Qxc5 19. Bg5 Rac8 20. Rac1 Qa7 21. Bxe7
Qxe7 22. Nd4 Qd7 23. Nb5 Rc6 24. Rxc6 1/2-1/2

[Event "DVM U20 2015"]
[Site "Osnabrück GER"]
[Date "2015.12.27"]
[Round "2"]
[White "Diyap, Murat"]
[Black "Bay, Nicolai"]
[Result "1-0"]
[Termination "normal"]
[Board "7.2"]
[WhiteElo "2061"]
[BlackElo "2000"]
[WhiteTeam "Frankfurter TV 1860"]
[BlackTeam "SC Eppingen"]
[PlyCount "81"]
[WhiteFideId "1272104"]
[BlackFideId "12927619"]
[EventCountry "GER"]
[EventRounds "7"]
[EventType "team-swiss"]
[EventDate "2015.12.26"]

1. e4 c5 2. Nf3 e6 3. g3 Nc6 4. d4 cxd4 5. Nxd4 Nf6 6. Nc3 Bb4 7. Bg2 Qa5 8.
O-O O-O 9. Nb3 Qd8 10. Bf4 Bxc3 11. bxc3 e5 12. Bc1 Qe7 13. Qd3 Rd8 14. Rd1 d5
15. exd5 e4 16. d6 Qe5 17. Qc4 Rxd6 18. Bf4 Rxd1+ 19. Rxd1 Qe6 20. Qb5 a6 21.
Qb6 Nd5 22. Qc5 Nde7 23. Nd4 Qg4 24. f3 Qd7 25. fxe4 h6 26. Bf3 Qe8 27. Qb6
Nxd4 28. cxd4 Ng6 29. Bd6 Qc6 30. Qxc6 bxc6 31. e5 Bd7 32. Rb1 Nf8 33. Rb7 Be8
34. c3 Ne6 35. Rb6 Nd8 36. Kf2 Bd7 37. Ke3 g6 38. a4 Kg7 39. a5 f5 40. Be2 Bc8
41. Be7 1-0

[Event "DVM U20 2015"]
[Site "Osnabrück GER"]
[Date "2015.12.27"]
[Round "2"]
[White "Mütsch, Annmarie"]
[Black "Medvedovski, Michael"]
[Result "0-1"]
[Termination "normal"]
[Board "7.3"]
[WhiteElo "1880"]
[BlackElo "1966"]
[WhiteTeam "SC Eppingen"]
[BlackTeam "Frankfurter TV 1860"]
[PlyCount "54"]
[WhiteFideId "12971367"]
[BlackFideId "24600830"]
[EventCountry "GER"]
[EventRounds "7"]
[EventType "team-swiss"]
[EventDate "2015.12.26"]

1. e4 c5 2. Nf3 Nc6 3. d4 cxd4 4. Nxd4 e5 5. Nb5 d6 6. N1c3 a6 7. Na3 b5 8. Nd5
Nge7 9. c3 Nxd5 10. exd5 Ne7 11. Be2 Ng6 12. O-O Be7 13. Nc2 Bd7 14. Bg4 f5 15.
Bh5 O-O 16. Bxg6 hxg6 17. f4 g5 18. fxg5 Bxg5 19. Qh5 Bxc1 20. Raxc1 Rf6 21.
Qg5 Qe8 22. Kh1 Rc8 23. Rcd1 f4 24. Qh4 Rh6 25. Qf2 Qh5 26. Qg1 Rf8 27. Ne1
Qxd1 0-1

[Event "DVM U20 2015"]
[Site "Osnabrück GER"]
[Date "2015.12.27"]
[Round "2"]
[White "Saida, Hazim"]
[Black "Hahn, Cedric"]
[Result "1-0"]
[Termination "normal"]
[Board "7.4"]
[WhiteElo "1817"]
[BlackElo "1951"]
[WhiteTeam "Frankfurter TV 1860"]
[BlackTeam "SC Eppingen"]
[PlyCount "129"]
[WhiteFideId "12993689"]
[BlackFideId "12910538"]
[EventCountry "GER"]
[EventRounds "7"]
[EventType "team-swiss"]
[EventDate "2015.12.26"]

1. e4 c5 2. Nc3 Nc6 3. f4 d6 4. Bc4 e6 5. Nf3 g6 6. d3 Bg7 7. O-O Nge7 8. Qe1
O-O 9. Qh4 Nd4 10. f5 gxf5 11. Bh6 f6 12. Nxd4 cxd4 13. Ne2 Ng6 14. Qh3 Bxh6
15. Qxh6 fxe4 16. dxe4 Ne5 17. Nf4 Qe8 18. Bb3 Bd7 19. Nh5 Qg6 20. Nxf6+ Kh8
21. Qxg6 hxg6 22. Nxd7 Nxd7 23. Bxe6 Nc5 24. Bd5 Kg7 25. Rad1 Rxf1+ 26. Kxf1
Rc8 27. Rxd4 Kf6 28. Ke2 Ke5 29. Ke3 Nd7 30. c3 Rc7 31. Rc4 Rxc4 32. Bxc4 Nf6
33. Bd3 Nd7 34. h3 Nc5 35. Bc2 Nd7 36. Kf3 Kf6 37. h4 Ke5 38. Kg4 Kf6 39. Kf4
Ne5 40. g4 Nc4 41. b3 Ne5 42. a4 a5 43. g5+ Ke6 44. Bd1 Nd3+ 45. Ke3 Nc5 46.
Kd4 Na6 47. Bg4+ Ke7 48. Kc4 Nc7 49. Kd4 Na6 50. e5 dxe5+ 51. Kxe5 Nc5 52. Bd1
Ne6 53. Bc2 Nf8 54. Kd5 Kd7 55. Kc5 Kc7 56. b4 axb4 57. cxb4 b6+ 58. Kb5 Kb7
59. a5 bxa5 60. bxa5 Ka7 61. a6 Kb8 62. Kc6 Ne6 63. Bxg6 Ka7 64. Kd6 Nf4 65.
Bf7 1-0

[Event "DVM U20 2015"]
[Site "Osnabrück GER"]
[Date "2015.12.27"]
[Round "2"]
[White "Hermann, Tobias"]
[Black "Pham, Phuong-Bao"]
[Result "1/2-1/2"]
[Termination "normal"]
[Board "7.5"]
[WhiteElo "1959"]
[BlackElo "1829"]
[WhiteTeam "SC Eppingen"]
[BlackTeam "Frankfurter TV 1860"]
[PlyCount "67"]
[WhiteFideId "12903701"]
[BlackFideId "12939196"]
[EventCountry "GER"]
[EventRounds "7"]
[EventType "team-swiss"]
[EventDate "2015.12.26"]

1. c4 b6 2. Nf3 Bb7 3. g3 Nf6 4. Bg2 e6 5. Nc3 Be7 6. O-O O-O 7. d4 Ne4 8. Qc2
f5 9. Rd1 d5 10. Ne5 Nd7 11. Bf4 g5 12. Nxd7 Qxd7 13. Be5 Rac8 14. Rac1 Bf6 15.
Bxf6 Rxf6 16. Qb3 dxc4 17. Qxc4 Nd6 18. Qd3 Bxg2 19. Kxg2 f4 20. d5 e5 21. Ne4
Nxe4 22. Qxe4 Rcf8 23. Qxe5 fxg3 24. Rxc7 Qf5 25. Qxf5 Rxf5 26. fxg3 Rf2+ 27.
Kg1 Rxe2 28. d6 Rff2 29. Rc8+ Kg7 30. Rc7+ Kg6 31. d7 Rg2+ 32. Kf1 Rgf2+ 33.
Kg1 Rg2+ 34. Kf1 1/2-1/2

[Event "DVM U20 2015"]
[Site "Osnabrück GER"]
[Date "2015.12.27"]
[Round "2"]
[White "Werle, Joshua"]
[Black "Pacius, Max"]
[Result "1-0"]
[Termination "normal"]
[Board "7.6"]
[WhiteElo "1794"]
[BlackElo "1190"]
[WhiteTeam "Frankfurter TV 1860"]
[BlackTeam "SC Eppingen"]
[PlyCount "99"]
[WhiteFideId "12973890"]
[BlackFideId "16217446"]
[EventCountry "GER"]
[EventRounds "7"]
[EventType "team-swiss"]
[EventDate "2015.12.26"]

1. d4 d5 2. c4 e6 3. Nf3 Nf6 4. g3 Bd6 5. Bg2 O-O 6. O-O Nc6 7. Nc3 b6 8. Bf4
Bxf4 9. gxf4 Bb7 10. Rc1 dxc4 11. Ne5 Na5 12. Bxb7 Nxb7 13. e3 c5 14. dxc5 Nxc5
15. Nxc4 Qc7 16. Nb5 Qc6 17. Nd4 Qc7 18. Ne5 Qd6 19. Nb5 Qxd1 20. Rfxd1 a6 21.
Nd6 Rad8 22. Nc6 Rd7 23. b4 Nce4 24. Nxe4 Rxd1+ 25. Rxd1 Nxe4 26. Rd7 a5 27.
bxa5 bxa5 28. Nxa5 h6 29. Nc6 Ra8 30. Rd8+ Rxd8 31. Nxd8 Nc5 32. Kf1 Kf8 33.
Nc6 Ke8 34. Ke2 f6 35. Nb4 Kd7 36. Nd3 Kc6 37. Nxc5 Kxc5 38. Kd3 g5 39. fxg5
hxg5 40. Ke4 f5+ 41. Ke5 Kc4 42. Kxe6 f4 43. exf4 gxf4 44. h4 f3 45. h5 Kd3 46.
h6 Ke2 47. h7 Kxf2 48. h8=Q Ke2 49. a4 f2 50. Qf6 1-0

[Event "DVM U20 2015"]
[Site "Osnabrück GER"]
[Date "2015.12.27"]
[Round "2"]
[White "Urban, Lars"]
[Black "Ott, Florian"]
[Result "1/2-1/2"]
[Termination "normal"]
[Board "8.1"]
[WhiteElo "2178"]
[BlackElo "2292"]
[WhiteTeam "SV Empor Erfurt"]
[BlackTeam "SC Forchheim"]
[PlyCount "55"]
[WhiteFideId "4644034"]
[BlackFideId "12900281"]
[EventCountry "GER"]
[EventRounds "7"]
[EventType "team-swiss"]
[EventDate "2015.12.26"]

1. d4 Nf6 2. c4 e6 3. Nc3 Bb4 4. e3 Bxc3+ 5. bxc3 d6 6. Bd3 c5 7. Ne2 Nc6 8.
O-O O-O 9. e4 e5 10. d5 Ne7 11. f4 exf4 12. Bxf4 Ng4 13. h3 Ne5 14. Bh2 N7g6
15. Nf4 Nxf4 16. Bxf4 Qe7 17. Qd2 Bd7 18. Qe3 Ng6 19. Bh2 Rae8 20. Rae1 Ne5 21.
Bf4 Qd8 22. Qg3 f6 23. Be2 Kh8 24. Rf2 Re7 25. h4 Rg8 26. h5 h6 27. Ref1 Qe8
28. Qh4 1/2-1/2